000 00525nam a2200193Ia 4500
005 20250508152740.0
008 008 250505s9999 xx 000 0 eng d
037 _aTextual
040 _aFEDL
_beng
_cFEDL
041 _aeng
_2eng
084 _a152.7, DEM
_qFEDL
100 _aDember William N
245 0 _aPsychology of perception
260 _aNew York, USA
_bHolt, Rinehart and Winston
_c1960
300 _axi,402p.
365 _aUSD
_b6.5
942 _cTEXL
_h152.7, DEM
999 _c1338482
_d1338482